Cultura y educación, desafíos para el proceso transformador de la sociedad en Centroamérica. Experiencias de la Cátedra Medardo Vitier /
La comunidad universitaria constituye un sector muy importante para lograr las transformaciones que necesitan los pueblos de Centroamérica. En la situación actual, cuando la cultural globalizada universal pretende imponer la desaparición de culturas nacionales y el agravamiento de las crisis imponen...
Salvato in:
| Autore principale: | |
|---|---|
| Natura: | Sconosciuto |
| Lingua: | Spanish |
| Pubblicazione: |
Heredia, Costa Rica:
Universidad Nacional. Facultad de Filosofía y Letras,
2012.
|
| Soggetti: | |
| Accesso online: | http://www.revistas.una.ac.cr/index.php/istmica/article/download/6012/5910 |
| Tags: |
Aggiungi Tag
Nessun Tag, puoi essere il primo ad aggiungerne!!
|
MARC
| LEADER | 00000 a2200000 4500 | ||
|---|---|---|---|
| 008 | 150428b2012 cr a|||| ||||a00| b spa d | ||
| 022 | |a 1023-0890 | ||
| 040 | |a CRU CIICLA | ||
| 041 | |a spa | ||
| 100 | 1 | |a Núñez, Eloína | |
| 245 | 1 | 0 | |a Cultura y educación, desafíos para el proceso transformador de la sociedad en Centroamérica. Experiencias de la Cátedra Medardo Vitier / |c Eloína Núñez |
| 260 | |a Heredia, Costa Rica: |b Universidad Nacional. Facultad de Filosofía y Letras, |c 2012. | ||
| 300 | |a páginas 81-89 | ||
| 520 | |a La comunidad universitaria constituye un sector muy importante para lograr las transformaciones que necesitan los pueblos de Centroamérica. En la situación actual, cuando la cultural globalizada universal pretende imponer la desaparición de culturas nacionales y el agravamiento de las crisis imponen cada vez mayores retos, es de gran importancia releer, con la visión de las complejidades del mundo de hoy, los aportes plurales del pensamiento del filósofo, maestro, pedagogo y ensayista cubano Medardo Vitier y Guanche en lo que aporta para el proceso transformador de Centroamérica, comprendiendo que en su pensamiento la cultura es riqueza de relaciones entre las varias zonas del saber. | ||
| 650 | 1 | 4 | |a ANTROPOLOGIA DE LA EDUCACION |
| 651 | 1 | 4 | |a AMERICA CENTRAL |
| 773 | 0 | |a Universidad Nacional Facultad de Filosofía y Letras |x 1023-0890 |d Heredia, Costa Rica: Facultad de Filosofía y Letras, Universidad Nacional, 1994- |t Ístmica: |g Número 12, 81-89 páginas, 2012. | |
| 856 | |u http://www.revistas.una.ac.cr/index.php/istmica/article/download/6012/5910 | ||
| 942 | |2 ddc |c ARC | ||
| 999 | |c 4046 |d 4046 | ||
